书目信息 |
| 题名: |
中国散文创作艺术论
|
|
| 作者: | 王景科 著 | |
| 分册: | ||
| 出版信息: | 济南 山东教育出版社 1999 |
|
| 页数: | 372页 | |
| 开本: | 20cm | |
| 丛书名: | ||
| 单 册: | ||
| 中图分类: | I056 | |
| 科图分类: | ||
| 主题词: | 文学理论--各体 , 散文--文学创作--研究--中国 , 创作方法--各体 | |
| 电子资源: | ||
| ISBN: | 7-5328-2954-5 | |
| 000 | 00636nam0 2200217 45 | |
| 001 | 0311111422 | |
| 005 | 20031219104121.1 | |
| 010 | @a7-5328-2954-5@dCNY13.80 | |
| 100 | @a20031111d1999 km y0chiy0120 ea | |
| 101 | 0 | @achi |
| 105 | @a z 000yy | |
| 200 | 1 | @a中国散文创作艺术论@AZhong Guo San Wen Chuang Zuo Yi Shu Lun@f王景科著@FWang Jing Ke Zhu |
| 210 | @a济南@c山东教育出版社@d1999 | |
| 215 | @a372页@d20cm | |
| 606 | 0 | @a文学理论@x各体 |
| 606 | 0 | @a散文@x文学创作@x研究@y中国 |
| 606 | 0 | @a创作方法@x各体 |
| 690 | @aI056@v4 | |
| 701 | 0 | @a王景科@4著 |
| 801 | @aCN@bTSTC@c20031111 | |
| 905 | @a213230@b327803-805@dI056@e100@f3 | |
| 中国散文创作艺术论/王景科著.-济南:山东教育出版社,1999 |
| 372页;20cm |
| ISBN 7-5328-2954-5:CNY13.80 |
| ● |
| 相关链接 |
|
|
|
|
正题名:中国散文创作艺术论
索取号:I056/100
 
预约/预借
| 序号 | 登录号 | 条形码 | 馆藏地/架位号 | 状态 | 备注 |
| 1 | 0327803 | 203278032 | 第二借阅区/ [索取号:I056/100] | 在馆 | |
| 2 | 0327804 | 203278041 | 第二借阅区/ [索取号:I056/100] | 在馆 | |
| 3 | 0327805 | 203278050 | 第一样本阅览室/ [索取号:I056/100] | 在馆 |